| 000 | 00674nam a2200229 i 4500 | ||
|---|---|---|---|
| 001 | 000028549 | ||
| 003 | DO-SdBNP | ||
| 005 | 20230720150514.0 | ||
| 007 | ta | ||
| 008 | 110411s2010 dr a 000 0 spa d | ||
| 020 | _a9789993425953 | ||
| 040 |
_aDO-SdBNP _bspa _cBNPHU _erda |
||
| 082 | 4 |
_bA797a _222 |
|
| 100 | 1 |
_aArzeno, José Enrique, _955507 _eautor |
|
| 245 | 1 | 0 |
_aAnatomía II : _bmanual de prácticas / _cJosé Enrique Arzeno. |
| 264 | 1 |
_aSanto Domingo : _bINTEC, _c2010. |
|
| 300 |
_a45 páginas : _bilustraciones ; _c28 cm. |
||
| 336 |
_2rdacontent _atexto _btxt |
||
| 337 |
_2rdamedia _asin mediación _bn |
||
| 338 |
_2rdacarrier _avolumen _bnc |
||
| 942 |
_2ddc _cLF2 |
||
| 999 |
_c28041 _d28041 |
||